| 000 | 00353 a2200121 4500 | ||
|---|---|---|---|
| 005 | 20250628142457.0 | ||
| 020 | _a9987-417-31-0 | ||
| 100 | _aSHIVJI, I.G | ||
| 245 | _aConstitutional and Legal System of Tanzania | ||
| 260 |
_aDar es Salaam _bMkuki na Nyota Publishers Ltd _c2004 |
||
| 300 |
_axvi, 312p.: ill; graphs, tables _bIndex _c23cm |
||
| 942 |
_2ddc _cBKS |
||
| 999 |
_c6054 _d6054 |
||